000 00612cam a2200217 4500500
005 20260329005604.0
041 _afre
042 _adc
100 1 0 _aEltchaninoff, Michel
_eauthor
245 0 0 _aUn jour sans plainte
260 _c2024.
500 _a51
690 _aAmbiance
690 _aHumeur
690 _ajournée
690 _aMichel Eltchaninoff
690 _aParcours
690 _aTravail
786 0 _nPhilosophie magazine | 178 | 4 | 2024-04-01 | p. 31-31 | 1951-1787
856 4 1 _uhttps://shs.cairn.info/magazine-philosophie-magazine-2024-4-page-31?lang=fr&redirect-ssocas=7080
999 _c1844780
_d1844781